Pittsburgh Steelers Receiving Leaders - Statistics

General Stats
  • This quiz has been taken 736 times
    164 since last reset
  • The average score is 11 of 36
Answer Stats
Hint Answer % Correct
11,207 Antonio Brown
98%
12,083 Hines Ward
91%
5,462 Lynn Swann
69%
4,363 Diontae Johnson
68%
3,400 Charles Johnson
67%
2,075 Jim Smith
63%
2,841 George Pickens
61%
6,569 Heath Miller
59%
3,835 Santonio Holmes
57%
3,855 JuJu Smith-Schuster
52%
2,660 Le'Veon Bell
49%
2,284 Franco Harris
47%
8,723 John Stallworth
47%
4,042 Mike Wallace
45%
2,044 Chase Claypool
39%
4,206 Plaxico Burress
38%
2,676 Pat Freiermuth
37%
2,030 Emmanuel Sanders
30%
2,265 Antwaan Randle El
20%
6,018 Louis Lipps
17%
3,651 Yancey Thigpen
17%
2,681 Eric Green
14%
3,671 Roy Jefferson
12%
4,723 Buddy Dial
6%
2,879 Bennie Cunningham
5%
2,086 Frank Lewis
5%
2,003 Ernie Mills
4%
2,460 Dwight Stone
3%
5,131 Elbie Nickel
2%
2,949 Gary Ballman
2%
2,054 Merril Hoge
2%
3,919 Ray Matthews
2%
3,047 Ron Shanklin
2%
2,055 Jimmy Orr
1%
2,350 Val Jansante
1%
2,012 Lynn Chandois
0%
No matching quizzes found
Score Distribution
Percent of People with Each Score
Percentile by Number Answered
Your Score History
You have not taken this quiz since the last reset